Distribution par images - Le Sens de la fête - Statistiques

Statistiques générales
  • Ce quiz a été pris 61 fois
  • Le résultat moyen est 5 sur 9
Statistiques - réponses
Par images Hint Réponse % Correct
Guy Jean-Paul Rouve
93%
Etienne Gilles Lellouche
92%
Max Jean-Pierre Bacri
92%
Samy Alban Ivanov
76%
Pierre Benjamin Lavernhe
49%
Geneviève Hélène Vincent
27%
Julien Vincent Macaigne
27%
Valéry Laprade Grégoire Bonnet
22%
Adèle Eye Haïdara
17%
Aucun quiz correspondant
Distribution des résultats
% des personnes avec chaque résultat
Percentile par nombre de réponses
Votre historique - résultats
Vous n’avez pas pris ce quiz